[Event "España tch DH-2 2009"]
[Site "Lugo"]
[Date "2009.09.23"]
[Round "4.13"]
[White "Van Wely, Loek"]
[Black "Galkin, Alexander"]
[Result "1/2-1/2"]
[WhiteElo "2650"]
[BlackElo "2608"]
[PlyCount "38"]
[EventDate "2009.09.20"]
[EventType "team"]
[EventRounds "5"]
[EventCountry "ESP"]
[Source "lmi"]
[SourceDate "2009.09.20"]
[WhiteTeam "Kutxa-Gros"]
[BlackTeam "Merida Patrimonio-Ajoblanco"]
[WhiteTeamCountry "ESP"]
[BlackTeamCountry "ESP"]

1. d4 d5 2. c4 e6 3. Nf3 c6 4. Nbd2 f5 5. g3 Nf6 6. Bg2 Bd6 7. O-O O-O 8. Ne5
Ne4 9. Nxe4 fxe4 10. f3 exf3 11. Nxf3 h6 12. Qc2 Qe8 13. e4 Nd7 14. e5 Be7 15.
Bh3 Nb8 16. Bd2 Na6 17. b3 Bd7 18. Rf2 dxc4 19. Qxc4 Nc7 1/2-1/2

[Event "España tch DH-2 2009"]
[Site "Lugo"]
[Date "2009.09.23"]
[Round "4.14"]
[White "Safarli, Eltaj"]
[Black "Bauer, Christian"]
[Result "1/2-1/2"]
[WhiteElo "2587"]
[BlackElo "2590"]
[PlyCount "80"]
[EventDate "2009.09.20"]
[EventType "team"]
[EventRounds "5"]
[EventCountry "ESP"]
[Source "lmi"]
[SourceDate "2009.09.20"]
[WhiteTeam "Merida Patrimonio-Ajoblanco"]
[BlackTeam "Kutxa-Gros"]
[WhiteTeamCountry "ESP"]
[BlackTeamCountry "ESP"]

1. e4 d5 2. exd5 Qxd5 3. Nc3 Qa5 4. d4 Nf6 5. Nf3 Bg4 6. h3 Bh5 7. g4 Bg6 8.
Ne5 e6 9. Bg2 c6 10. h4 Nbd7 11. Nxd7 Kxd7 12. Bd2 h6 13. Nd5 Qa4 14. Ne3 Nd5
15. h5 Bh7 16. Qf3 Qxd4 17. Qxf7+ Be7 18. Nxd5 cxd5 19. Qf3 Qe5+ 20. Be3 Be4
21. Qh3 Bb4+ 22. Kf1 Bxc2 23. Qf3 Be4 24. Qe2 a6 25. Rd1 Bxg2+ 26. Kxg2 Rac8
27. Qd3 Rhf8 28. Rh3 Bc5 29. Re1 Bxe3 30. Rhxe3 Qxb2 31. R1e2 Qf6 32. Qb3 b5
33. Rxe6 Qxe6 34. Rxe6 Kxe6 35. a4 Rc4 36. Qe3+ Re4 37. Qb6+ Kf7 38. Qb7+ Kf6
39. f3 Rxa4 40. Qc6+ Ke7 1/2-1/2

[Event "España tch DH-2 2009"]
[Site "Lugo"]
[Date "2009.09.23"]
[Round "4.15"]
[White "San Segundo Carrillo, Pablo"]
[Black "Fernandez Romero, Ernesto"]
[Result "1/2-1/2"]
[WhiteElo "2565"]
[BlackElo "2457"]
[PlyCount "95"]
[EventDate "2009.09.20"]
[EventType "team"]
[EventRounds "5"]
[EventCountry "ESP"]
[Source "lmi"]
[SourceDate "2009.09.20"]
[WhiteTeam "Kutxa-Gros"]
[BlackTeam "Merida Patrimonio-Ajoblanco"]
[WhiteTeamCountry "ESP"]
[BlackTeamCountry "ESP"]

1. d4 Nf6 2. c4 d6 3. Nf3 g6 4. Nc3 Bg7 5. e4 O-O 6. Be2 Bg4 7. Be3 Nfd7 8. Rc1
c5 9. d5 Na6 10. Qd2 Nc7 11. Bh6 Re8 12. Bxg7 Kxg7 13. Ng1 Bxe2 14. Ngxe2 a6
15. O-O b5 16. b3 Rb8 17. f4 bxc4 18. bxc4 Rb4 19. Nd1 Qb8 20. Nf2 Rb2 21. Rc2
Rxc2 22. Qxc2 e5 23. dxe6 Nxe6 24. Qc3+ f6 25. Rd1 Qc7 26. Qd3 Nb6 27. Ng4 h5
28. Ne3 Qc6 29. h4 Nd4 30. Nxd4 cxd4 31. Qxd4 Qxe4 32. Qxb6 Qxe3+ 33. Qxe3 Rxe3
34. Rxd6 Ra3 35. Rd7+ Kh6 36. Rd2 Rc3 37. Rd4 a5 38. a4 Ra3 39. c5 Rc3 40. Rd5
Rc4 41. c6 Rxc6 42. Rxa5 Rc4 43. g3 Rc3 44. Kf2 Rc2+ 45. Kf3 Rc3+ 46. Kf2 Rc2+
47. Ke3 Rc3+ 48. Kf2 1/2-1/2

[Event "España tch DH-2 2009"]
[Site "Lugo"]
[Date "2009.09.23"]
[Round "4.16"]
[White "De Nacimiento Montano, Angel"]
[Black "Argandona Riveiro, Inigo"]
[Result "1/2-1/2"]
[WhiteElo "2168"]
[BlackElo "2375"]
[PlyCount "123"]
[EventDate "2009.09.20"]
[EventType "team"]
[EventRounds "5"]
[EventCountry "ESP"]
[Source "lmi"]
[SourceDate "2009.09.20"]
[WhiteTeam "Merida Patrimonio-Ajoblanco"]
[BlackTeam "Kutxa-Gros"]
[WhiteTeamCountry "ESP"]
[BlackTeamCountry "ESP"]

1. Nf3 d5 2. e3 Nc6 3. d4 Bg4 4. Be2 e6 5. Nbd2 f6 6. c4 Qd7 7. O-O Nge7 8. Qb3
Na5 9. Qc3 Nac6 10. b4 Ng6 11. Rb1 Be7 12. Ba3 O-O 13. Rfc1 Bf5 14. Rb3 a5 15.
b5 Nb4 16. Qb2 dxc4 17. Bxc4 Bd6 18. h3 Ne7 19. e4 Bg6 20. Bf1 b6 21. Rbc3 Rad8
22. e5 fxe5 23. dxe5 Bxe5 24. Nxe5 Qxd2 25. Nxg6 hxg6 26. Rxc7 Qxb2 27. Bxb2
Nbd5 28. Ba3 Rc8 29. Bxe7 Nxe7 30. Bc4 Kf7 31. Bxe6+ Kxe6 32. Re1+ Kd6 33.
Rcxe7 Rc2 34. Rxg7 Rf6 35. Rb7 Rcxf2 36. Rxb6+ Kc5 37. Rxf6 Rxf6 38. Rb1 Kb6
39. a4 Rf4 40. Ra1 Rb4 41. Kf2 g5 42. Ra3 Rf4+ 43. Ke3 Rb4 44. g3 Rc4 45. Kf3
Rb4 46. g4 Rf4+ 47. Kg3 Rf1 48. Ra2 Rb1 49. h4 Rb3+ 50. Kh2 Rb4 51. hxg5 Rxg4
52. Rg2 Rxa4 53. Kh3 Rc4 54. Rb2 a4 55. g6 a3 56. Ra2 Ra4 57. Ra1 Kxb5 58. Rb1+
Kc5 59. Rc1+ Kb4 60. Kg4 a2 61. Ra1 Kb3+ 62. Kh5 1/2-1/2

[Event "España tch DH-2 2009"]
[Site "Lugo"]
[Date "2009.09.23"]
[Round "4.22"]
[White "Aleksandrov, Aleksej"]
[Black "Perez Garcia, Rodney"]
[Result "1/2-1/2"]
[WhiteElo "2639"]
[BlackElo "2426"]
[PlyCount "150"]
[EventDate "2009.09.20"]
[EventType "team"]
[EventRounds "5"]
[EventCountry "ESP"]
[Source "lmi"]
[SourceDate "2009.09.20"]
[WhiteTeam "CajaCanarias"]
[BlackTeam "Universidad de Oviedo"]
[WhiteTeamCountry "ESP"]
[BlackTeamCountry "ESP"]

1. d4 d5 2. c4 c6 3. Nf3 Nf6 4. e3 a6 5. Qb3 e6 6. Bd2 c5 7. cxd5 exd5 8. dxc5
Bxc5 9. Bb4 Bxb4+ 10. Qxb4 Nc6 11. Qa3 Bg4 12. Be2 Qe7 13. O-O Rc8 14. Rc1 Qxa3
15. Nxa3 Ke7 16. Nc2 Bxf3 17. Bxf3 Rhd8 18. h3 h5 19. Kf1 g6 20. Be2 h4 21. Rd1
Ne4 22. Rac1 f5 23. Ne1 Kf6 24. a3 Ne7 25. Rb1 g5 26. Nf3 Ng6 27. Rd4 Ne7 28.
Rbd1 Rc7 29. Ke1 Rd6 30. Rb4 Nc6 31. Rc1 Rcd7 32. Rb6 Ne7 33. Rb3 Nc6 34. Rb6
Ne7 35. Rxd6+ Nxd6 36. Nd4 Nc4 37. Rc2 Ne5 38. Kd2 Rd6 39. Rc7 Rd7 40. Rc3 Nf7
41. Ke1 Nd8 42. Rb3 Ndc6 43. Nxc6 Nxc6 44. Rb6 Rc7 45. f4 gxf4 46. exf4 Ke6 47.
Bd3 Kd6 48. Bxf5 Rf7 49. Bg6 Rf6 50. f5 Kc7 51. Rb3 Ne7 52. Rb4 Nxg6 53. fxg6
Rxg6 54. Kf2 Rh6 55. Ke3 Kc6 56. Rg4 Kc5 57. Kd3 a5 58. Kc3 b6 59. b3 Rh5 60.
Kd3 Rh6 61. Rg8 Rf6 62. Rc8+ Kb5 63. Rd8 Rg6 64. Rxd5+ Kc6 65. Rh5 Rxg2 66.
Rxh4 Rg3+ 67. Kc2 Rg2+ 68. Kc1 Rg1+ 69. Kd2 Rg2+ 70. Kd1 Rg1+ 71. Ke2 Rg3 72.
Rh6+ Kc5 73. b4+ Kb5 74. bxa5 bxa5 75. Kd2 Rxa3 1/2-1/2

[Event "España tch DH-2 2009"]
[Site "Lugo"]
[Date "2009.09.23"]
[Round "4.23"]
[White "Gonzalez Menendez, Ivan"]
[Black "Korneev, Oleg"]
[Result "0-1"]
[WhiteElo "2430"]
[BlackElo "2554"]
[PlyCount "96"]
[EventDate "2009.09.20"]
[EventType "team"]
[EventRounds "5"]
[EventCountry "ESP"]
[Source "lmi"]
[SourceDate "2009.09.20"]
[WhiteTeam "Universidad de Oviedo"]
[BlackTeam "CajaCanarias"]
[WhiteTeamCountry "ESP"]
[BlackTeamCountry "ESP"]

1. e4 e5 2. Nf3 Nc6 3. d4 exd4 4. Nxd4 Bc5 5. Nxc6 Qf6 6. Qd2 bxc6 7. Nc3 Ne7
8. Bd3 O-O 9. O-O Ng6 10. Ne2 Ne5 11. Qf4 Qxf4 12. Bxf4 Re8 13. Bxe5 Rxe5 14.
c3 a5 15. Rad1 d6 16. Nd4 Bd7 17. Rfe1 Rb8 18. b3 Rbe8 19. Kf1 g6 20. h3 h5 21.
Nc2 Kg7 22. Ne3 Bxe3 23. Rxe3 g5 24. Rde1 c5 25. Be2 Kg6 26. g4 h4 27. Bd3 Bc6
28. c4 a4 29. bxa4 Bxa4 30. Rb1 Bc6 31. Bc2 Kf6 32. Rf3+ Kg7 33. Rf5 Rxf5 34.
exf5 Ra8 35. Bb3 Kf6 36. Re1 Ra3 37. Re3 d5 38. cxd5 Bb5+ 39. Kg2 c4 40. Bd1
Rxa2 41. Be2 Rd2 42. Bf3 Rd3 43. Re1 c3 44. Rc1 Ke5 45. Be2 Kd4 46. Bxd3 Kxd3
47. Kf3 c2 48. Ra1 Bc4 0-1

[Event "España tch DH-2 2009"]
[Site "Lugo"]
[Date "2009.09.23"]
[Round "4.24"]
[White "Vera, Reynaldo"]
[Black "Andres Gonzalez, Ivan"]
[Result "1-0"]
[WhiteElo "2491"]
[BlackElo "2361"]
[PlyCount "34"]
[EventDate "2009.09.20"]
[EventType "team"]
[EventRounds "5"]
[EventCountry "ESP"]
[Source "lmi"]
[SourceDate "2009.09.20"]
[WhiteTeam "CajaCanarias"]
[BlackTeam "Universidad de Oviedo"]
[WhiteTeamCountry "ESP"]
[BlackTeamCountry "ESP"]

1. d4 Nf6 2. Nf3 e6 3. c4 Bb4+ 4. Nbd2 O-O 5. a3 Bxd2+ 6. Qxd2 b6 7. e3 Bb7 8.
b4 d6 9. Bb2 Nbd7 10. Be2 Qe7 11. O-O Ne4 12. Qc2 f5 13. d5 c5 14. dxc6 Bxc6
15. Nd4 Bb7 16. Nf3 Ne5 17. Rad1 Rfc8 1-0

[Event "España tch DH-2 2009"]
[Site "Lugo"]
[Date "2009.09.23"]
[Round "4.26"]
[White "Villavicencio Martinez, Adalberto"]
[Black "Roiz Baztan, David"]
[Result "1/2-1/2"]
[WhiteElo "2330"]
[BlackElo "2265"]
[PlyCount "46"]
[EventDate "2009.09.20"]
[EventType "team"]
[EventRounds "5"]
[EventCountry "ESP"]
[Source "lmi"]
[SourceDate "2009.09.20"]
[WhiteTeam "CajaCanarias"]
[BlackTeam "Universidad de Oviedo"]
[WhiteTeamCountry "ESP"]
[BlackTeamCountry "ESP"]

1. d4 Nf6 2. Nf3 g6 3. c4 Bg7 4. Nc3 O-O 5. e4 d6 6. Be2 e5 7. O-O Nc6 8. d5
Ne7 9. b4 a5 10. bxa5 Rxa5 11. a4 Nd7 12. Ra3 h6 13. Nd2 f5 14. f3 f4 15. Nb3
Ra8 16. Nb5 g5 17. c5 Nf6 18. Qc2 Ne8 19. Bd2 dxc5 20. Qxc5 Rf7 21. Bb4 Bf8 22.
Qc3 Ng6 23. Bxf8 Kxf8 1/2-1/2

[Event "España tch DH-2 2009"]
[Site "Lugo"]
[Date "2009.09.23"]
[Round "4.31"]
[White "Gashimov, Vugar"]
[Black "Illescas Cordoba, Miguel"]
[Result "1-0"]
[WhiteElo "2740"]
[BlackElo "2591"]
[PlyCount "53"]
[EventDate "2009.09.20"]
[EventType "team"]
[EventRounds "5"]
[EventCountry "ESP"]
[Source "lmi"]
[SourceDate "2009.09.20"]
[WhiteTeam "Escuela I. Kasparov-Marcote"]
[BlackTeam "U.G.A."]
[WhiteTeamCountry "ESP"]
[BlackTeamCountry "ESP"]

1. e4 e6 2. d4 d5 3. Nc3 Nf6 4. Bg5 dxe4 5. Nxe4 Nbd7 6. Nf3 h6 7. Bh4 c5 8. c3
Qa5 9. Nxf6+ Nxf6 10. Bxf6 gxf6 11. d5 Bd7 12. dxe6 fxe6 13. Bc4 O-O-O 14. Qe2
Qb6 15. O-O-O Bd6 16. Kb1 Kb8 17. Rhe1 Rhe8 18. Qe3 Bf8 19. Nh4 Bc8 20. Ng6 e5
21. Rxd8 Qxd8 22. Kc1 Bg7 23. Bf7 Qd7 24. Bxe8 Qxe8 25. Qd3 a6 26. Qd6+ Ka8 27.
Qc7 1-0

[Event "España tch DH-2 2009"]
[Site "Lugo"]
[Date "2009.09.23"]
[Round "4.32"]
[White "Lopez Martinez, Josep Manuel"]
[Black "Vallejo Pons, Francisco"]
[Result "1/2-1/2"]
[WhiteElo "2570"]
[BlackElo "2696"]
[PlyCount "39"]
[EventDate "2009.09.20"]
[EventType "team"]
[EventRounds "5"]
[EventCountry "ESP"]
[Source "lmi"]
[SourceDate "2009.09.20"]
[WhiteTeam "U.G.A."]
[BlackTeam "Escuela I. Kasparov-Marcote"]
[WhiteTeamCountry "ESP"]
[BlackTeamCountry "ESP"]

1. e4 c5 2. Nf3 d6 3. d4 cxd4 4. Nxd4 Nf6 5. Nc3 a6 6. Be3 e5 7. Nf3 Qc7 8. a4
Be7 9. Be2 Nbd7 10. Nd2 Nc5 11. Bg5 Be6 12. Bxf6 Bxf6 13. Nc4 Rd8 14. Ne3 Qb6
15. Ned5 Bxd5 16. Nxd5 Qxb2 17. Rb1 Qa3 18. Ra1 Qb2 19. Rb1 Qa3 20. Ra1 1/2-1/2

[Event "España tch DH-2 2009"]
[Site "Lugo"]
[Date "2009.09.23"]
[Round "4.34"]
[White "Gonzalez Garcia, Jose"]
[Black "Graf, Alexander"]
[Result "1/2-1/2"]
[WhiteElo "2509"]
[BlackElo "2596"]
[PlyCount "25"]
[EventDate "2009.09.20"]
[EventType "team"]
[EventRounds "5"]
[EventCountry "ESP"]
[Source "lmi"]
[SourceDate "2009.09.20"]
[WhiteTeam "U.G.A."]
[BlackTeam "Escuela I. Kasparov-Marcote"]
[WhiteTeamCountry "ESP"]
[BlackTeamCountry "ESP"]

1. d4 d5 2. c4 c6 3. Nf3 Nf6 4. Nc3 dxc4 5. a4 Bf5 6. e3 e6 7. Bxc4 Bb4 8. O-O
Nbd7 9. Qe2 Bg6 10. e4 O-O 11. Bd3 Bh5 12. e5 Nd5 13. Nxd5 1/2-1/2

[Event "España tch DH-2 2009"]
[Site "Lugo"]
[Date "2009.09.23"]
[Round "4.35"]
[White "Salgado Lopez, Ivan"]
[Black "Fluvia Poyatos, Joan"]
[Result "1-0"]
[WhiteElo "2555"]
[BlackElo "2478"]
[PlyCount "95"]
[EventDate "2009.09.20"]
[EventType "team"]
[EventRounds "5"]
[EventCountry "ESP"]
[Source "lmi"]
[SourceDate "2009.09.20"]
[WhiteTeam "Escuela I. Kasparov-Marcote"]
[BlackTeam "U.G.A."]
[WhiteTeamCountry "ESP"]
[BlackTeamCountry "ESP"]

1. e4 c5 2. Nf3 d6 3. d4 cxd4 4. Nxd4 Nf6 5. Nc3 a6 6. Be3 Ng4 7. Bg5 h6 8. Bh4
g5 9. Bg3 Bg7 10. h3 Ne5 11. Nf5 Bxf5 12. exf5 Nbc6 13. Nd5 e6 14. fxe6 fxe6
15. Ne3 O-O 16. Be2 d5 17. O-O Ng6 18. c3 Nf4 19. Bg4 Qf6 20. Re1 Ne5 21. Be2
Rad8 22. Ng4 Nxg4 23. Bxg4 e5 24. Bxf4 gxf4 25. Qb3 Qf7 26. Qb6 Rfe8 27. Rad1
e4 28. Rxe4 dxe4 29. Rxd8 Rxd8 30. Be6 Rd7 31. Bxf7+ Kxf7 32. Qb4 Re7 33. Qd6
Re5 34. Kf1 e3 35. Qc7+ Kg6 36. Qxb7 e2+ 37. Ke1 Re6 38. Qd5 Kf7 39. Qf5+ Ke7
40. Qxf4 Bf6 41. h4 Kd7 42. Qa4+ Kd8 43. Qc4 Kd7 44. Qd5+ Ke7 45. g3 Bg7 46.
Qb7+ Kf6 47. g4 a5 48. Qc7 1-0

[Event "España tch DH-2 2009"]
[Site "Lugo"]
[Date "2009.09.24"]
[Round "5.12"]
[White "Kasimdzhanov, Rustam"]
[Black "Lopez Martinez, Josep Manuel"]
[Result "1-0"]
[WhiteElo "2702"]
[BlackElo "2570"]
[PlyCount "75"]
[EventDate "2009.09.20"]
[EventType "team"]
[EventRounds "5"]
[EventCountry "ESP"]
[Source "lmi"]
[SourceDate "2009.09.20"]
[WhiteTeam "Kutxa-Gros"]
[BlackTeam "U.G.A."]
[WhiteTeamCountry "ESP"]
[BlackTeamCountry "ESP"]

1. d4 Nf6 2. c4 e6 3. Nf3 d5 4. Nc3 Bb4 5. cxd5 exd5 6. Bg5 c5 7. dxc5 Nbd7 8.
Rc1 O-O 9. a3 Bxc5 10. e3 h6 11. Bxf6 Nxf6 12. Nxd5 b6 13. Bc4 Bb7 14. Nf4 Bd6
15. Ne2 Bxf3 16. gxf3 Be5 17. Qb3 Nd7 18. f4 Bf6 19. O-O Nc5 20. Qc2 Qd7 21.
Rfd1 Qh3 22. Ng3 Rad8 23. b4 Nb7 24. Ba6 Nd6 25. e4 Bh4 26. e5 Bxg3 27. hxg3
Nf5 28. Rxd8 Rxd8 29. Bc8 Rxc8 30. Qxc8+ Kh7 31. Rd1 Qg4 32. Rd8 Kg6 33. Qc2 h5
34. Qc6+ Kh7 35. Qc8 Kg6 36. Qc6+ Kh7 37. Qc2 Qh3 38. Qc8 1-0

[Event "España tch DH-2 2009"]
[Site "Lugo"]
[Date "2009.09.24"]
[Round "5.14"]
[White "Bauer, Christian"]
[Black "Gonzalez Garcia, Jose"]
[Result "1-0"]
[WhiteElo "2590"]
[BlackElo "2509"]
[PlyCount "41"]
[EventDate "2009.09.20"]
[EventType "team"]
[EventRounds "5"]
[EventCountry "ESP"]
[Source "lmi"]
[SourceDate "2009.09.20"]
[WhiteTeam "Kutxa-Gros"]
[BlackTeam "U.G.A."]
[WhiteTeamCountry "ESP"]
[BlackTeamCountry "ESP"]

1. e4 c5 2. Nf3 e6 3. g3 d5 4. d3 dxe4 5. dxe4 Qxd1+ 6. Kxd1 Nc6 7. Na3 Bd7 8.
c3 Nf6 9. Nd2 Be7 10. f3 O-O 11. Ndc4 Rfd8 12. Ke2 Ne8 13. Bg2 f6 14. Rd1 Rab8
15. Bh3 Kf7 16. Bf4 Rbc8 17. Rd2 g5 18. Rad1 gxf4 19. Rxd7 Nd4+ 20. cxd4 Rxd7
21. d5 1-0

[Event "España tch DH-2 2009"]
[Site "Lugo"]
[Date "2009.09.24"]
[Round "5.15"]
[White "Fluvia Poyatos, Joan"]
[Black "San Segundo Carrillo, Pablo"]
[Result "1/2-1/2"]
[WhiteElo "2478"]
[BlackElo "2565"]
[PlyCount "59"]
[EventDate "2009.09.20"]
[EventType "team"]
[EventRounds "5"]
[EventCountry "ESP"]
[Source "lmi"]
[SourceDate "2009.09.20"]
[WhiteTeam "U.G.A."]
[BlackTeam "Kutxa-Gros"]
[WhiteTeamCountry "ESP"]
[BlackTeamCountry "ESP"]

1. e4 c6 2. d4 d5 3. Nc3 dxe4 4. Nxe4 Bf5 5. Ng3 Bg6 6. h4 h6 7. Nf3 Nd7 8. h5
Bh7 9. Bd3 Bxd3 10. Qxd3 e6 11. Bf4 Bb4+ 12. c3 Be7 13. O-O-O Ngf6 14. Kb1 O-O
15. Ne4 Nxe4 16. Qxe4 Nf6 17. Qe2 Qd5 18. Ne5 Qe4+ 19. Qxe4 Nxe4 20. Rhe1 Nf6
21. g4 Rfd8 22. Bc1 c5 23. dxc5 Bxc5 24. f3 Rac8 25. Rxd8+ Rxd8 26. Kc2 Kf8 27.
Re2 Nd5 28. a3 b5 29. b3 Bd6 30. Kb2 1/2-1/2

[Event "España tch DH-2 2009"]
[Site "Lugo"]
[Date "2009.09.24"]
[Round "5.16"]
[White "Cifuentes Parada, Roberto"]
[Black "Fluvia Poyatos, Jordi"]
[Result "1/2-1/2"]
[WhiteElo "2532"]
[BlackElo "2467"]
[PlyCount "64"]
[EventDate "2009.09.20"]
[EventType "team"]
[EventRounds "5"]
[EventCountry "ESP"]
[Source "lmi"]
[SourceDate "2009.09.20"]
[WhiteTeam "Kutxa-Gros"]
[BlackTeam "U.G.A."]
[WhiteTeamCountry "ESP"]
[BlackTeamCountry "ESP"]

1. Nf3 Nf6 2. c4 g6 3. Nc3 d5 4. cxd5 Nxd5 5. Qa4+ Bd7 6. Qh4 Nxc3 7. dxc3 Nc6
8. Qg3 Bf5 9. Ng5 Qd5 10. e4 Bxe4 11. Be3 O-O-O 12. Be2 Bxg2 13. Rd1 Bxh1 14.
Rxd5 Bxd5 15. c4 Be6 16. Nxe6 fxe6 17. Bg4 Kb8 18. Bxe6 Rd6 19. Bd5 Nb4 20. Bc5
Nxd5 21. Bxd6 cxd6 22. cxd5 Bg7 23. b3 Bf6 24. Qh3 h5 25. Qe6 g5 26. Kf1 Rc8
27. Qe2 h4 28. Kg2 Rc3 29. f3 Rc5 30. Qd2 Rc3 31. Qe2 Rc5 32. Qd2 Rc3 1/2-1/2

[Event "España tch DH-2 2009"]
[Site "Lugo"]
[Date "2009.09.24"]
[Round "5.22"]
[White "Vallejo Pons, Francisco"]
[Black "Aleksandrov, Aleksej"]
[Result "1-0"]
[WhiteElo "2696"]
[BlackElo "2639"]
[PlyCount "77"]
[EventDate "2009.09.20"]
[EventType "team"]
[EventRounds "5"]
[EventCountry "ESP"]
[Source "lmi"]
[SourceDate "2009.09.20"]
[WhiteTeam "Escuela I. Kasparov-Marcote"]
[BlackTeam "CajaCanarias"]
[WhiteTeamCountry "ESP"]
[BlackTeamCountry "ESP"]

1. e4 e5 2. Nf3 Nc6 3. Bb5 Nf6 4. d3 d6 5. d4 exd4 6. Nxd4 Bd7 7. O-O Nxd4 8.
Bxd7+ Qxd7 9. Qxd4 Be7 10. Nc3 O-O 11. f3 Rfe8 12. Rd1 Qc6 13. Be3 a6 14. Qd2
b5 15. Ne2 Qb7 16. Ng3 Bf8 17. Bd4 Nd7 18. Nf5 Re6 19. b3 Rae8 20. h4 h5 21.
Qg5 Rg6 22. Qxh5 d5 23. exd5 c5 24. dxc6 Qxc6 25. Ne3 Bc5 26. Ng4 Ne5 27. Bxc5
Nxf3+ 28. Kh1 Ne5 29. Rd6 Rxd6 30. Nxe5 Rxe5 31. Qxe5 Re6 32. Qb8+ Kh7 33. b4
Rg6 34. Qh2 Qf6 35. Rg1 Rg4 36. g3 Kg8 37. Qf2 Qg6 38. Kh2 Rc4 39. Rg2 1-0

[Event "España tch DH-2 2009"]
[Site "Lugo"]
[Date "2009.09.24"]
[Round "5.24"]
[White "Graf, Alexander"]
[Black "Vera, Reynaldo"]
[Result "1/2-1/2"]
[WhiteElo "2596"]
[BlackElo "2491"]
[PlyCount "47"]
[EventDate "2009.09.20"]
[EventType "team"]
[EventRounds "5"]
[EventCountry "ESP"]
[Source "lmi"]
[SourceDate "2009.09.20"]
[WhiteTeam "Escuela I. Kasparov-Marcote"]
[BlackTeam "CajaCanarias"]
[WhiteTeamCountry "ESP"]
[BlackTeamCountry "ESP"]

1. d4 d5 2. c4 dxc4 3. Nf3 c5 4. e3 cxd4 5. Bxc4 Qc7 6. Qb3 e6 7. exd4 Nf6 8.
Nc3 Nc6 9. d5 exd5 10. Nxd5 Nxd5 11. Bxd5 Bb4+ 12. Ke2 O-O 13. Be3 Bd6 14. Rhd1
Bf4 15. Kf1 Bxe3 16. Qxe3 Bg4 17. Kg1 Rfe8 18. Qc3 Be6 19. Bxe6 Rxe6 20. Nd4
Rf6 21. Rac1 Qb6 22. a3 h6 23. Nf3 Rd8 24. g3 1/2-1/2

[Event "España tch DH-2 2009"]
[Site "Lugo"]
[Date "2009.09.24"]
[Round "5.25"]
[White "Cabrera Trujillo, Jorge Juan"]
[Black "Salgado Lopez, Ivan"]
[Result "1/2-1/2"]
[WhiteElo "2410"]
[BlackElo "2555"]
[PlyCount "87"]
[EventDate "2009.09.20"]
[EventType "team"]
[EventRounds "5"]
[EventCountry "ESP"]
[Source "lmi"]
[SourceDate "2009.09.20"]
[WhiteTeam "CajaCanarias"]
[BlackTeam "Escuela I. Kasparov-Marcote"]
[WhiteTeamCountry "ESP"]
[BlackTeamCountry "ESP"]

1. e4 c5 2. Nf3 Nc6 3. Nc3 e6 4. d4 cxd4 5. Nxd4 Qc7 6. Be3 a6 7. Bd3 Nf6 8.
O-O Be7 9. Kh1 d6 10. f4 O-O 11. Qf3 Bd7 12. Qg3 b5 13. Rae1 b4 14. Nce2 Kh8
15. Bc1 Qa5 16. Nxc6 Bxc6 17. Nd4 Bb7 18. e5 Nh5 19. Qh3 g6 20. Nf3 Rad8 21. b3
Qxa2 22. Nd2 Bd5 23. Ne4 Bxe4 24. Bxe4 f5 25. exf6 Rxf6 26. Bd3 Ng7 27. Be3 Qb2
28. Bb6 Rdf8 29. Qe3 e5 30. fxe5 Rxf1+ 31. Rxf1 Rxf1+ 32. Bxf1 dxe5 33. Bc7 Qa1
34. Qe2 e4 35. Qxa6 Qxa6 36. Bxa6 Bf6 37. Bb7 e3 38. Kg1 Ne6 39. Bd6 Bc3 40.
Kf1 Nd4 41. Be5+ Kg8 42. Bd5+ Kf8 43. Bxd4 Bxd4 44. Ke2 1/2-1/2

[Event "España tch DH-2 2009"]
[Site "Lugo"]
[Date "2009.09.24"]
[Round "5.26"]
[White "Paunovic, Dragan"]
[Black "Sanz Alonso, Francisco J"]
[Result "1-0"]
[WhiteElo "2556"]
[BlackElo "2397"]
[PlyCount "133"]
[EventDate "2009.09.20"]
[EventType "team"]
[EventRounds "5"]
[EventCountry "ESP"]
[Source "lmi"]
[SourceDate "2009.09.20"]
[WhiteTeam "Escuela I. Kasparov-Marcote"]
[BlackTeam "CajaCanarias"]
[WhiteTeamCountry "ESP"]
[BlackTeamCountry "ESP"]

1. Nf3 Nf6 2. g3 c5 3. Bg2 d5 4. O-O Nc6 5. d4 e6 6. c4 dxc4 7. Qa4 Bd7 8. Qxc4
b5 9. Qd3 Qb6 10. dxc5 Bxc5 11. Nc3 Nb4 12. Qd2 Rd8 13. a3 Nbd5 14. Nxd5 Nxd5
15. b4 Be7 16. Bb2 O-O 17. Rac1 Qa6 18. Ne5 Be8 19. Nd3 Nb6 20. Qc3 Bf6 21. Qb3
Bxb2 22. Nxb2 Nc4 23. Nxc4 bxc4 24. Rxc4 Bb5 25. Rc7 Bxe2 26. Rfc1 Rd3 27. R7c3
Rxc3 28. Qxc3 h5 29. h4 Rd8 30. Qe3 Rd1+ 31. Rxd1 Bxd1 32. Bf1 Qb7 33. Qd4 Bc2
34. Qd8+ Kh7 35. Bd3+ Bxd3 36. Qxd3+ g6 37. Qd4 Qa6 38. Qd7 Kg7 39. a4 Qb6 40.
a5 Qxb4 41. Qxa7 g5 42. hxg5 h4 43. Qe3 Qxa5 44. Qd4+ e5 45. Qxh4 Qa1+ 46. Kh2
Qa6 47. Qe4 Qe6 48. g4 Qd6 49. Kg3 Qe6 50. f3 Qd6 51. Kh3 Qe6 52. Qd3 Qe7 53.
Kh4 Qe6 54. Qd8 Qc6 55. Kg3 Qe6 56. Kf2 Qa2+ 57. Ke3 Qa7+ 58. Ke4 Qb7+ 59. Qd5
Qxd5+ 60. Kxd5 Kg6 61. Ke4 Kxg5 62. Kxe5 Kg6 63. f4 Kg7 64. Kf5 Kf8 65. Kf6 Kg8
66. Ke7 Kg7 67. f5 1-0

[Event "España tch DH-2 2009"]
[Site "Lugo"]
[Date "2009.09.24"]
[Round "5.31"]
[White "Almasi, Zoltan"]
[Black "Recuero Guerra, David"]
[Result "1-0"]
[WhiteElo "2685"]
[BlackElo "2492"]
[PlyCount "81"]
[EventDate "2009.09.20"]
[EventType "team"]
[EventRounds "5"]
[EventCountry "ESP"]
[Source "lmi"]
[SourceDate "2009.09.20"]
[WhiteTeam "Merida Patrimonio-Ajoblanco"]
[BlackTeam "Universidad de Oviedo"]
[WhiteTeamCountry "ESP"]
[BlackTeamCountry "ESP"]

1. e4 c5 2. Nf3 d6 3. d4 cxd4 4. Nxd4 Nf6 5. Nc3 Nc6 6. Bg5 e6 7. Qd2 Be7 8.
O-O-O O-O 9. f4 h6 10. Bh4 Bd7 11. Ndb5 d5 12. e5 Ne8 13. Bxe7 Qxe7 14. Qe3 a6
15. Nd4 Nc7 16. Kb1 Nxd4 17. Rxd4 b5 18. Bd3 b4 19. Ne2 Bb5 20. g4 Bxd3 21.
Rxd3 Nb5 22. f5 Qb7 23. Nd4 Nxd4 24. Rxd4 Rfc8 25. f6 Qc7 26. Rc1 gxf6 27. exf6
Qxh2 28. Rdd1 Kf8 29. Rh1 Qd6 30. Qxh6+ Ke8 31. Qg7 Kd7 32. Qxf7+ Kc6 33. g5
Kb6 34. Qh7 a5 35. Qd3 a4 36. f7 a3 37. Qd4+ Kb7 38. b3 e5 39. Qd3 Ra5 40. g6
e4 41. Qd4 1-0

[Event "España tch DH-2 2009"]
[Site "Lugo"]
[Date "2009.09.24"]
[Round "5.32"]
[White "Perez Garcia, Rodney"]
[Black "Landa, Konstantin"]
[Result "0-1"]
[WhiteElo "2426"]
[BlackElo "2655"]
[PlyCount "60"]
[EventDate "2009.09.20"]
[EventType "team"]
[EventRounds "5"]
[EventCountry "ESP"]
[Source "lmi"]
[SourceDate "2009.09.20"]
[WhiteTeam "Universidad de Oviedo"]
[BlackTeam "Merida Patrimonio-Ajoblanco"]
[WhiteTeamCountry "ESP"]
[BlackTeamCountry "ESP"]

1. e4 c6 2. d4 d5 3. Nc3 dxe4 4. Nxe4 Bf5 5. Ng3 Bg6 6. N1e2 e6 7. Nf4 Qc7 8.
c3 Nd7 9. h4 Bd6 10. Qf3 Ngf6 11. h5 Bc2 12. Be3 h6 13. Bd3 Bxd3 14. Nxd3 Qa5
15. Ne4 Nxe4 16. Qxe4 O-O-O 17. Qf3 Nf6 18. g3 Rd7 19. a3 Qa4 20. Rd1 Qb5 21.
Rd2 Nd5 22. Kf1 Nxe3+ 23. Qxe3 c5 24. dxc5 Bxc5 25. Qe2 Qc6 26. Rh4 Rhd8 27.
Kg1 Bb6 28. b3 Qd6 29. Rc4+ Kb8 30. a4 Qxg3+ 0-1